| 000 | 01188nam a22003017a 4500 | ||
|---|---|---|---|
| 999 |
_c14939 _d14939 |
||
| 003 | EG-ScBUE | ||
| 005 | 20210210101643.0 | ||
| 008 | 110122s1998 ua f 000 0p ara d | ||
| 017 | _a1998/8092 | ||
| 020 | _a9770157236 | ||
| 040 |
_aEG-ScBUE _bara _erda _cEG-ScBUE _dEG-ScBUE |
||
| 082 | 0 | 4 |
_a892.716 _bص ب و _222 |
| 100 | 1 |
_922125 _aعبد الصبور، صلاح، _d1931-1981، _eمؤلف. |
|
| 245 | 1 | 0 |
_aأروع ما كتب الشاعر صلاح عبد الصبور / _cصلاح عبد الصبور ؛ إعداد د. محمد عناني. |
| 264 | 1 |
_aالقاهرة : _bالهيئة المصرية العامة للكتاب، _c1998. |
|
| 300 |
_a122 صفحة ؛ _c16 سم. |
||
| 336 |
_2rdacontent _aنص _btxt |
||
| 337 |
_2rdamedia _aبدون وسيط _bn |
||
| 338 |
_2rdacarrier _aمجلد _bnc |
||
| 490 | 0 |
_aمكتبة الأسرة. _aالروائع |
|
| 541 |
_aد. باسم أحمد ؛ _cإهداء ؛ |
||
| 650 | 7 |
_922127 _aالشعر العربي _xدواوين وقصائد. _2BUEsh |
|
| 651 | _2BUEsh | ||
| 653 |
_bARALIT _cFebruary2021 |
||
| 655 |
_vReading book _934232 |
||
| 700 | 1 |
_922126 _aعناني، محمد، _d1939- _eمعد. |
|
| 942 |
_2ddc _cBB |
||